000
00343nam a2200145Ia 4500
008
230718s9999 xx 000 0 und d
041
_a
Eng.
082
_a
34823
_b
ZAI-I
100
_a
Zaidi, prof . Waisif
245
0
_a
Interperetation of status
260
_a
Pakistan
_b
Irfan law book
_c
2003
300
_a
207
650
_a
Law
999
_c
28270
_d
28270